000 00359nam a2200157Ia 4500
003 Ost
005 20260225132541.0
008 260225s9999||||xx |||||||||||||| ||und||
040 _cfsic
041 _afre
082 _a741.5
100 _aAlexander besher
_eAuteur
245 0 _aRire un cauchemar virtuel /
245 0 _cAlexander besher
942 _cكتاب
999 _c33499
_d33499